000 00358nam a2200121Ia 4500
005 20251222144918.0
008 251222s9999||||xx |||||||||||||| ||spa||
082 _a303.6/P78S
100 _aPortocarrero Maisch, Gonzalo
245 0 _aViolencia Estructural en el Perú:
264 _bAsociación Peruana de Estudios e Investigación para la Paz
942 _cLIB
999 _c22595
_d22595